000 00581nam a2200181 4500
999 _c195902
_d195902
005 20230508171110.0
010 _aENG-136781
020 _a9780198070986
_c695.00
035 _aEN-120313
037 _bDBAD/PUB
082 _a321.020954
100 _aC. Rangarajan
245 _aFederalism and Fiscal Transfers In India/
_cBy C. Rangarajan and D.K.Srivastava
260 _aNew Delhi
_bOxford University Press
_c2011
270 _aYMCA Library Building, Jai Singh Road,
_bNew Delhi
_e110001
300 _a257p
_c22cm(hbk)
942 _2ddc
_cEN
_mCRA
_h321.020954